000 00717nam a2200289Ia 4500
005 20260324124658.0
008 008 260324s9999 xx 000 0 eng d
020 _a9781315539478
037 _aEBOOK
040 _aCRL
040 _beng
040 _cCRL
041 _2eng
041 _aeng
084 _qCRL
100 _aChris Shannahan
_91166386
245 0 _aVoices from the Borderland
245 0 _bRe-Imagining Cross-Cultural Urban Theology in the Twenty-First Century
260 _bTaylor and Francis
260 _c2010
365 _a
365 _b230
856 _uhttp://www.taylorfrancis.com/books/9781315539478
942 _cEBOOK
999 _c1769672
_d1769672